Paradiso

Guardado en:
Bibliografiske detaljer
Hovedforfatter: Lezama Lima, José
Format: Bog
Sprog:Undetermined
Udgivet: Madrid, España ALLCA XX 1996
Udgivelse:2
Fag:
Tags: Tilføj Tag
Ingen Tags, Vær først til at tagge denne postø!

MARC

LEADER 00000nam a2200000Ia 4500
008 170316s9999 xx 000 0 und d
040 |a cru BVZT 
090 |a AR 18 
100 |a Lezama Lima, José 
245 |a Paradiso 
250 |a 2 
260 |a Madrid, España 
260 |b ALLCA XX 
260 |c 1996 
300 |a 790 páginas 
650 |a COLECCIÓN ARCHIVOS 
942 |c SALA 
999 |c 12640  |d 12640